| 000 | 01176nam a2200301 i 4500 | ||
|---|---|---|---|
| 001 | bg | ||
| 003 | KOSZ 005 | ||
| 005 | 20260310063514.0 | ||
| 008 | 080507s1965 pl a f 000 0 pol | ||
| 015 | _aPB 1966/824 | ||
| 040 |
_aWA N _cKOSZ 005/RW _dKOSZ 005/RW |
||
| 080 | _a621:539 | ||
| 100 | 1 |
_aRadwan, Maciej _d(1922-1988) |
|
| 245 | 1 | 0 |
_aBadanie zużycia części maszyn za pomocą izotopów promieniotwórczych / _cMaciej Radwan, Zbigniew Banasik. |
| 260 |
_aWarszawa : _bWydawnictwa Naukowo-Techniczne, _c1965. |
||
| 300 |
_a89, [1] s. : _bil. ; _c24 cm. |
||
| 380 | _aKsiążki. | ||
| 490 | 1 |
_aNowa Technika ; _vnr 59. |
|
| 504 | _aBibliogr. s. 88-[90]. | ||
| 521 | 8 | _aDla studentów wyższych szkół technicznych, inżynierów i pracowników naukowych. | |
| 650 | 4 |
_aIzotopy promieniotwórcze _xstosowanie _xtechnika. |
|
| 650 | 4 |
_aMaszyny _xbadanie _xmetody. |
|
| 700 | 1 | _aBanasik, Zbigniew | |
| 710 | 2 |
_aWydawnictwa Naukowo-Techniczne _4pbl. |
|
| 830 | 0 |
_aNT Nowa Technika _vz. 59. |
|
| 856 |
_uhttp://koha.tu.koszalin.pl/cgi-bin/koha/opac-detail.pl?biblionumber=10754 _yKatalog online BPK |
||
| 942 |
_2UKD _cKS |
||
| 999 |
_c10754 _d10754 |
||